000 00447nam a2200181Ia 4500
003 GCL
008 140319s9999 xx 000 0 eng d
040 _aGCL /
_cGCL
082 0 4 _aCH
_b823.087
_bG M
100 1 _aGREMMS
245 1 0 _aMY BIG BOOKS OF GRIMMS FAIRY TALES /
_cGREMMS
260 _a[S.N] :
_bPETER HODDOCK PUBLISHING
300 _a192 P
650 0 4 _aCHILDREN
650 0 4 _aENGLISH LANGUAGE
650 0 4 _aTALES
942 _2ddc
_cBK
999 _c17801
_d17801